000 01097nam a22002777a 4500
001 BD-DhSAU 9278
003 BD-DhSAU
005 20260124113432.0
008 150613b2018 bg a|||| m||| 00| 0 eng d
040 _aBD-DhSAU
082 _222
_a635
_bIm8
100 _aAHMED, IMRAN
_eRegistration # 17-07722
245 _aEffect of plant growth regulators and pollination methods on sex expression, earliness and fruit yield of bottle gourd /
_bMS thesis
260 _aSher-e-Bangla Agricultural University :
_bDepartment of Horticulture,
_c2024.
300 _av, 89p. :
_bill. ;
_c30 cm.
500 _aMS thesis of Department of Horticulture, Faculty of Agriculture, Sher-e-Bangla Agricultural University, Dhaka, Bangladesh
504 _aIncludes bibliographical reference.
590 _aNazmul
650 _aplant growth regulators
650 _apollination methods on sex expression,
651 _afruit yield of bottle gourd
700 _aProf. Dr. Tahmina Mostarin
_eSuperviser
700 _aProf. Dr. Khaleda Khatun
_eCo-superviser
942 _2ddc
_cTHESIS
999 _c18215
_d18214